| 000 | 00618nam a22002057a 4500 | ||
|---|---|---|---|
| 003 | OSt | ||
| 005 | 20260421081144.0 | ||
| 008 | 260421b |||||||| |||| 00| 0 eng d | ||
| 020 | _a 0-534-62622-X | ||
| 040 |
_aDWC-Main lib _cOC |
||
| 082 |
_2 4th ed. _aCirc. 100 M681 2005 |
||
| 100 | _aMitchell, Helen Buss | ||
| 245 |
_aRoots of wisdom 4th ed./ _cHelen Buss Mitchell |
||
| 250 | _a4th ed. | ||
| 260 |
_aAustralia : _bWadsworth/Thomsom Learning, _cc2005 |
||
| 300 |
_a xxvi, 502 p. : _bill. ; _c24 cm. |
||
| 504 | _aIncludes index. | ||
| 650 | _a1. Philosophy. | ||
| 942 |
_2ddc _cBK-CIRC _e 4th ed. _kCirc. _n0 |
||
| 999 |
_c9601 _d9601 |
||